Najwieksze Miasta w Europie - Statystyki

Ogólne statystyki
  • Ten quiz został rozwiązany 165 razy
  • Średni wynik to 12 z 15
Statystyki odpowiedzi
Hint Odpowiedź % Poprawnych
Rosja Moskwa
97%
Anglia Londyn
96%
Niemcy Berlin
95%
Ukraina Kijow
95%
Francja Paryz
95%
Polska Warszawa
95%
Hiszpania Madryt
92%
Wlochy Rzym
91%
Bialorus Minsk
88%
Austria Wieden
86%
Rumunia Bukareszt
82%
Niemcy Hamburg
57%
Turcja Istambul
53%
Moskwa Petersburg
42%
Wegry Budzpeszt
1%
Nie znaleziono quizów pasujących do podanych kryteriów
Rozkład punktacji
Procent ludzi z każdym wynikiem
Percentyl według liczby udzielonych odpowiedzi
Twoja historia wyników
Nie rozwiązałeś tego quizu